000 00541nam a22001937a 4500
003 MPLRDC
005 20220104203618.0
008 210129b ||||| |||| 00| 0 eng d
020 _a978-986-5958-06-0
082 _a229.3 HY-2
100 _a泓逸
245 _a淡定有智慧
_c
250 _a初版
260 _a台湾
_b达观出版事业有限公司
_c2012
300 _b
520 _a新书上架 2018-09-16。 2018-05-25 铅笔标记--pg.部分页面。
650 _a中国僧伽传记--弘一
942 _cBK
_o229.3 HY-2
999 _c68206
_d68196